000 00271nam a2200097Ia 4500
001 976339
005 20250826220705.0
008 250824s9999 xx 000 0 und d
245 0 _aMİMAR SİNAN MİMARİDEKİ OSMANLI MÜHRÜ
_cYAVUZ BAHADIROĞLU
260 _bPANAMA YAYINLARI
999 _c976339
_d976339